| 000 | 00703nam a2200181Ia 4500 | ||
|---|---|---|---|
| 003 | GCL | ||
| 008 | 140319s9999 xx 000 0 ara d | ||
| 040 |
_aGCL / _cGCL |
||
| 082 | 0 | 4 |
_a658.3 _bم م |
| 100 | 1 | _aمحمد عبدالغنى الشيخ | |
| 245 | 1 | 0 |
_aمهارات العمل الجماعى :GROUP WORK SKILLS كيف تتميز المجموعات فى عملها? كيف تكون عضوا فعالا فى مجموعتك ? / _cمحمد عبدالغنى الشيخ |
| 300 | _a165 ص | ||
| 490 |
_aمجموعة مهارات تطوير الاداء _v0 |
||
| 650 | 0 | 4 | _aادارة الاعمال |
| 650 | 0 | 4 | _aادارة الافراد |
| 650 | 0 | 4 | _aالعمل الجماعى |
| 942 |
_2ddc _cBK |
||
| 999 |
_c49678 _d49678 |
||